Prípady hyperinflácie v svetovej ekonomike a špecifiká opatrení použitých na jej zmiernenie diplomová práca

Saved in:
Bibliographic Details
Main Author: Krajčiová, Alexandra
Corporate Author: Národohospodárska fakulta EU. Katedra hospodárskej politiky
Other Authors: Morvay, Karol, 1973-
Format: Book
Language:Slovak
Published: Bratislava 2022
Tags: Add Tag
No Tags, Be the first to tag this record!

MARC

LEADER 00000nbm a2200000 4500
001 0284014
005 20221104095513.7
041 0 |a slo 
044 |a SK 
245 1 0 |a Prípady hyperinflácie v svetovej ekonomike a špecifiká opatrení použitých na jej zmiernenie  |b diplomová práca  |c Alexandra Krajčiová ; školiteľ: Karol Morvay 
264 1 |a Bratislava  |c 2022 
300 |a 72 s. 
100 1 |a Krajčiová, Alexandra 
700 1 |a Morvay, Karol, 1973- 
710 2 |a Národohospodárska fakulta EU. Katedra hospodárskej politiky